Nachbarstaaten der Demokratischen Republik Kongo - Statistiken

Allgemein
  • Dieses Quiz wurde 25 mal gespielt
  • Das Durchschnittsergebnis liegt bei 8 aus 9
Antwortstatistiken
Nachbarstaaten % Korrekt
Republik Kongo
100%
Sambia
100%
Zentralafrikanische Republik
100%
Angola
96%
Uganda
92%
Burundi
88%
Ruanda
88%
Südsudan
84%
Tansania
80%
Keine übereinstimmenden Quizze gefunden
Verteilung der Resultate
Anzahl Personen mit jedem Resultat
Perzentil nach korrekt beantworteten Fragen
Ihre Resultats-Entwicklung
Sie haben dieses Quiz noch nicht gespielt